000 00439nam a2200157Ia 4500
008 210716s2003 xx 000 0 und d
020 _a8120320166
041 _aeng
082 _a658.15 HORJ
100 _aHorne, James C Van; Wachowicz, John M.
245 _aFundamentals of financial management.
250 _a11
260 _aNew Delhi
_bPrentice Hall of India PVt Ltd
_c2003
300 _axxi,743
650 _aManagement Accounting
999 _c197491
_d197491